Imiona nadane dziewczynkom w 2021 roku - Statystyki

Ogólne statystyki
  • Ten quiz został rozwiązany 81 razy
  • Średni wynik to 56 z 100
Statystyki odpowiedzi
Odpowiedź % Poprawnych
Z Zuzanna
100%
Z Zofia
97%
H Hanna
95%
J Julia
95%
A Anna
93%
A Aleksandra
86%
L Lena
86%
N Natalia
86%
M Maria
85%
O Olivia
83%
W Wiktoria
83%
B Barbara
81%
Ł Łucja
81%
M Maja
81%
O Oliwia
81%
A Amelia
80%
K Katarzyna
80%
M Martyna
78%
P Patrycja
78%
W Weronika
78%
A Alicja
76%
E Emilia
76%
K Karolina
76%
E Ewa
75%
J Joanna
75%
M Magdalena
75%
M Marta
75%
P Paulina
75%
G Gabriela
71%
I Iga
71%
L Laura
71%
P Pola
71%
I Izabela
68%
M Milena
68%
D Daria
66%
L Lilia
66%
M Małgorzata
66%
A Agata
64%
N Nina
64%
D Dominika
63%
K Kinga
63%
H Helena
61%
N Nadia
61%
S Sara
61%
N Nikola
59%
L Lilianna
58%
O Olga
58%
R Róża
58%
M Marcelina
56%
M Michalina
56%
J Jagoda
54%
K Klaudia
54%
U Urszula
54%
A Anastazja
53%
E Eliza
53%
K Kamila
53%
A Aurelia
51%
A Aniela
49%
K Klara
49%
K Kornelia
49%
D Dorota
47%
M Marianna
47%
A Antonina
44%
K Kalina
44%
L Liliana
44%
M Matylda
44%
A Adrianna
42%
B Blanka
42%
W Wanda
42%
K Kaja
41%
L Lidia
41%
M Malwina
41%
M Mia
41%
R Rozalia
41%
C Celina
39%
A Ada
37%
I Inga
37%
J Jadwiga
37%
D Diana
36%
I Ida
36%
L Liwia
36%
M Melania
36%
N Nel
36%
A Apolonia
34%
B Bianka
34%
L Luiza
32%
G Gaja
31%
N Nela
31%
M Marika
29%
E Emma
27%
L Lila
25%
L Lea
22%
S Sofia
22%
E Elena
20%
R Rita
20%
S Stefania
20%
Z Zoja
20%
A Adela
19%
L Lara
19%
J Jagna
17%
Nie znaleziono quizów pasujących do podanych kryteriów
Rozkład punktacji
Procent ludzi z każdym wynikiem
Percentyl według liczby udzielonych odpowiedzi
Twoja historia wyników
Nie rozwiązałeś tego quizu